A consumer's guide to personal computing and microcomputers

Kaydedildi:
Detaylı Bibliyografya
Yazar: Freiberger, Stephen J.
Materyal Türü: Kitap
Dil:Undetermined
Baskı/Yayın Bilgisi: Rochelle Park, N.J. Hayden Book Co. 1980
Konular:
Etiketler: Etiketle
Etiket eklenmemiş, İlk siz ekleyin!
Thư viện lưu trữ: Trung tâm Học liệu Trường Đại học Cần Thơ
LEADER 00550nam a2200181Ia 4500
001 CTU_96333
008 210402s9999 xx 000 0 und d
082 |a 001.64 
082 |b F862 
100 |a Freiberger, Stephen J. 
245 2 |a A consumer's guide to personal computing and microcomputers 
245 0 |c Stephen J. Freiberger, Paul Chew 
260 |a Rochelle Park, N.J. 
260 |b Hayden Book Co. 
260 |c 1980 
650 |a Microcomputers,Microprocessors 
904 |i Năm 
980 |a Trung tâm Học liệu Trường Đại học Cần Thơ